Países de la zona euro - Estadísticas

Estadísticas generales
  • Esta prueba ha sido intentada 146 veces
    27 desde el último reinicio
  • La puntuación promedio es 19 de 21
Estadísticas de respuestas
País % Correcto
Alemania
100%
Francia
100%
Italia
100%
Portugal
100%
Bélgica
96%
España
96%
Países Bajos
96%
Croacia
91%
Eslovaquia
91%
Eslovenia
91%
Malta
91%
Austria
87%
Bulgaria
87%
Estonia
87%
Grecia
87%
Irlanda
87%
Letonia
87%
Lituania
87%
Chipre
83%
Finlandia
83%
Luxemburgo
83%
No se encontraron pruebas coincidentes
Distribución de puntuación
Porcentaje de gente con cada puntuación
Porcentaje por número respondido
Historial de tus puntuaciones
No has intentado esta prueba desde el último reinicio